00000000cas 2200000zi 4500
0019.946692
003CaOODSP
00520251219125813
006m     o  d f      
007cr cn ||||||||
008250109c20249999qucar p o    f0### 0eng d
040 |aCaOODSP|beng|erda|cCaOODSP
043 |an-cn---
0861 |aNM21-8E-PDF
1102 |aCanadian Museum of History.|eauthor, |eissuing body.
24010|aInfo source (2024)
24510|aInfo source : |bsources of federal government and employee information.
24630|aSources of federal government and employee information
264 1|aGatineau, Québec : |bCanadian Museum of History = Musée canadien de l'histoire ; |aOttawa, Ontario : |bCanadian War Museum‏ = Musée canadien de la guerre, |c[2024]-
310 |aAnnual
336 |atext|btxt|2rdacontent
337 |acomputer|bc|2rdamedia
338 |aonline resource|bcr|2rdacarrier
3621 |aBegan with: 2024.
500 |aIssued also in French under title: Info source : sources de renseignements du gouvernement fédéral et du personnel.
588 |aDescription based on: 2024; title from PDF cover page.
588 |aLatest issue consulted: 2025.
61020|aCanadian Museum of History|vPeriodicals.
61020|aCanadian War Museum|vPeriodicals.
650 0|aGovernment information|zCanada|vPeriodicals.
650 0|aPublic records|xAccess control|zCanada|vPeriodicals.
655 7|aPeriodicals|2lcgft
7102 |aCanadian War Museum, |eauthor, |eissuing body.
77508|tInfo source : |w(CaOODSP)9.946691
78000|tInformation about programs and information holdings : |w(CaOODSP)9.931285